|
|
|
|
| LEADER |
00886nam#a2200241#a#4500 |
| 001 |
003029 |
| 005 |
20160721142649.0 |
| 008 |
960801s1986####cl##################spa#d |
| 040 |
|
|
|a AR-beUNQ
|
| 099 |
|
|
|a 16-C30
|
| 110 |
2 |
|
|a Comisión Economica para América Latina y el Caribe
|
| 245 |
0 |
3 |
|a El sector de servicios del Brasil y la cooperación regional en América Latina : informe preliminar
|c Comisión Economica para América Latina y el Caribe.
|
| 260 |
|
|
|a Santiago de Chile :
|b CEPAL,
|c 1986
|
| 300 |
|
|
|a 152 p. :
|b tablas
|
| 650 |
|
7 |
|a COOPERACION REGIONAL
|2 Spines
|
| 650 |
|
7 |
|a SECTOR SERVICIOS
|2 Spines
|
| 650 |
|
7 |
|a ASPECTOS ECONOMICOS
|2 Spines
|
| 650 |
|
7 |
|a INTEGRACION REGIONAL
|2 Spines
|
| 651 |
|
7 |
|a AMERICA LATINA
|2 toit
|
| 651 |
|
7 |
|a BRASIL
|2 Spines
|
| 929 |
|
|
|a COMPRA
|b Secretaría de Planificación
|d 4,00E
|e 19981020
|g Exp. 0387/98
|j 17410
|
| 942 |
|
|
|c LIB
|n 0
|
| 999 |
|
|
|c 5805
|d 81192
|